Integrated pest management (Record no. 26741)

MARC details
000 -LEADER
fixed length control field 00330nam a2200133Ia 4500
082 ## - DEWEY DECIMAL CLASSIFICATION NUMBER
Classification number 632.9
Item number APP
100 ## - MAIN ENTRY--AUTHOR NAME
Personal name Apple, Lawrence J
245 #0 - TITLE STATEMENT
Title Integrated pest management
260 ## - PUBLICATION, DISTRIBUTION, ETC. (IMPRINT)
Place of publication New York
Name of publisher Plenum
Year of publication 1976
650 ## - SUBJECT ADDED ENTRY--TOPICAL TERM
Topical Term Pest management
700 ## - ADDED ENTRY--PERSONAL NAME
Personal name Smith, Ray
942 ## - ADDED ENTRY ELEMENTS (KOHA)
Koha item type Books
Holdings
Withdrawn status Lost status Damaged status Not for loan Home library Current library Date acquired Full call number Accession Number Koha item type
        RRII Library RRII Library 16/12/2021 632.9 APP 07373 Books